LDR 00778naa#a2200217#i#450# 001 EN\\bibl\118686 005 20260514080411.4 011 ## _a1994-4683 100 ## _a20230428b2023####ek#y0engy0150####ca 102 ## _aRU 200 1# _aSTUDY OF PLANNING OF DIFFERENTIATED PHYSICAL LOAD IN STUDENTS OF SPECIAL MEDICAL GROUP “A” WITH COMBINED DISEASES _eJournal article 210 1# _aMoscow _cNational State University of Physical Education, Sports and Health named after P.F. Lesgaft _d2023 215 ## _a4 с. 608 ## _aJournal article _2local 675 ## _aФизические упражнения. 796.012.6 _z 700 #1 _aDorontsev _gA V 700 #1 _aPorubayko _gL N 700 #1 _aErmolina _gN V 700 #1 _aMorozova _gO V 700 #1 _aLyamina _gYU A 856 4# _auchzapiski.lesgaft.spb.ru _u